| 000 | 00586nam a2200205Ia 4500 | ||
|---|---|---|---|
| 003 | GCL | ||
| 005 | 20240530103542.0 | ||
| 008 | 140319s9999 xx 000 0 ara d | ||
| 040 |
_aGCL / _cGCL |
||
| 082 | 0 | 4 |
_a398.2 _bف ف |
| 100 | 1 | _aنبيلة ابراهيم | |
| 245 | 1 | 0 |
_aالفولكلور فى العهد القديم جـ1 / _cنبيلة ابراهيم |
| 300 | _a385 ص | ||
| 650 | 0 | 4 | _aالعصر الجاهلى |
| 650 | 0 | 4 | _aالفولكلور |
| 650 | 0 | 4 | _aالادب الشعبى |
| 700 | 1 | _aحسن ظاظا | |
| 700 | 1 | _aفريزر، جيمس | |
| 942 |
_2ddc _cBK |
||
| 999 |
_c40563 _d40563 |
||